000 006010000a22001930004500
003 LK-CoMWRAF
005 20240131234134.0
008 230817t ||||| |||| 00| 0 eng d
020 _a9555800413
040 _aLK-CoMWRAF
_dLK-CoMWRAF
_eLK-CoMWRAF
041 _aeng
082 _a330
_bDIR
245 _aA Directory : Violence against women :
_bOrganizations activities and projects concerning violence against women in Sri Lanka
260 _aColombo :
_bInternational centre for ethnic studies,
_c1999
300 _a73 p.
650 _aDirectory
650 _aViolence against women
942 _cBK
999 _c136
_d136